Anything but DC Characters Quiz Stats

 Plays Quiz Updated Mar 7, 2019

Score 0/200 Timer 03:00
0 Plays Today
% Correct
???
26.4%
???
26.1%
???
25.7%
???
25.4%
???
25.3%
???
25.3%
???
25.3%
???
25.2%
???
25.1%
???
25%
???
24.9%
???
24.9%
???
24.9%
???
24.9%
???
24.9%
???
24.9%
???
24.8%
???
24.8%
???
24.8%
???
24.7%
???
24.7%
???
24.7%
???
24.7%
???
24.6%
???
24.6%
???
24.5%
???
24.5%
???
24.5%
???
24.5%
???
24.5%
???
24.4%
???
24.4%
???
24.4%
???
24.4%
???
24.4%
???
24.4%
???
24.4%
???
24.4%
???
24.3%
???
24.3%
???
24.3%
???
24.3%
???
24.3%
???
24.3%
???
24.2%
???
24.2%
???
24.1%
???
24.1%
???
24.1%
???
24%
???
24%
???
24%
???
24%
???
24%
???
23.9%
???
23.9%
???
23.9%
???
23.9%
???
23.9%
???
23.9%
???
23.9%
???
23.9%
???
23.9%
???
23.9%
???
23.9%
???
23.8%
???
23.8%
% Correct
???
23.8%
???
23.8%
???
23.8%
???
23.8%
???
23.7%
???
23.7%
???
23.6%
???
23.6%
???
23.6%
???
23.6%
???
23.6%
???
23.6%
???
23.6%
???
23.6%
???
23.5%
???
23.5%
???
23.5%
???
23.5%
???
23.5%
???
23.5%
???
23.5%
???
23.5%
???
23.4%
???
23.4%
???
23.4%
???
23.3%
???
23.3%
???
23.3%
???
23.3%
???
23.3%
???
23.2%
???
23.2%
???
23.2%
???
23.2%
???
23.1%
???
23.1%
???
23.1%
???
23.1%
???
23.1%
???
23%
???
23%
???
23%
???
23%
???
22.8%
???
22.7%
???
22.7%
???
22.7%
???
22.7%
???
22.6%
???
22.6%
???
22.6%
???
22.6%
???
22.5%
???
22.5%
???
22.5%
???
22.5%
???
22.4%
???
22.5%
???
22.4%
???
22.4%
???
22.3%
???
22.2%
???
22.2%
???
22.2%
???
22.2%
???
22.1%
???
22.1%
% Correct
???
22%
???
22%
???
21.9%
???
21.8%
???
21.8%
???
21.8%
???
21.7%
???
21.6%
???
21.5%
???
21.4%
???
21.4%
???
21.4%
???
21.3%
???
21.1%
???
21.1%
???
21.1%
???
21.1%
???
21%
???
20.9%
???
20.8%
???
20.8%
???
20.7%
???
20.6%
???
20.6%
???
20.5%
???
20.5%
???
20.5%
???
20.4%
???
20.4%
???
20.4%
???
20.3%
???
20.3%
???
20.2%
???
20.2%
???
20.1%
???
19.9%
???
19.7%
???
19.6%
???
19.6%
???
19.5%
???
19.5%
???
19.4%
???
19.3%
???
19.3%
???
19.2%
???
19.1%
???
19%
???
18.8%
???
18.7%
???
18.7%
???
18.3%
???
18.2%
???
18.2%
???
18%
???
17.9%
???
17.8%
???
17.4%
???
16.9%
???
16.8%
???
16.4%
???
16.4%
???
15.4%
???
15.1%
???
14.9%
???
13.7%
???
13.7%

You're not logged in!

Compare scores with friends on all Sporcle quizzes.
OR
Log In

You Might Also Like...

Show Comments

Extras

Top Quizzes Today


Score Distribution

Your Account Isn't Verified!

In order to create a playlist on Sporcle, you need to verify the email address you used during registration. Go to your Sporcle Settings to finish the process.

Report this User

Report this user for behavior that violates our Community Guidelines.

Details: